[Event "Titled Tuesday intern op 21st Dec"]
[Site "Chess.com INT"]
[Date "2021.12.21"]
[Round "4"]
[White "Terletsky, Oleg"]
[Black "Sramek, Vojtech"]
[Result "1-0"]
[WhiteElo "2154"]
[BlackElo "2230"]
[PlyCount "109"]
[EventDate "2021.12.21"]
[EventType "swiss (blitz)"]
[EventRounds "11"]
[EventCountry "USA"]
[SourceTitle "CBM 205 Extra"]
[Source "ChessBase"]
[SourceDate "2022.01.31"]
[SourceVersion "1"]
[SourceVersionDate "2022.01.31"]
[SourceQuality "1"]

1. e4 c5 2. Nf3 d6 3. d4 cxd4 4. Nxd4 Nf6 5. Nc3 g6 6. Bc4 Bg7 7. f3 O-O 8. Be3 Nc6 9. Qd2 Bd7 10. Bb3 Rc8 11. h4 h5 12. Nde2 Ne5 13. Bh6 Nc4 14. Bxc4 Rxc4 15. Bxg7 Kxg7 16. O-O-O Qa5 17. Kb1 b5 18. Nd5 Qxd2 19. Rxd2 Nxd5 20. Rxd5 Rfc8 21. c3 b4 22. b3 R4c5 23. Rxc5 Rxc5 24. cxb4 Rb5 25. a3 a5 26. Nc3 Rb8 27. b5 Bxb5 28. Nxb5 Rxb5 29. Kb2 Kf6 30. f4 d5 31. Re1 e6 32. exd5 Rxd5 33. Kc3 Kf5 34. g3 Kg4 35. Re3 Kf5 36. b4 axb4+ 37. axb4 f6 38. Kc4 Rd1 39. b5 Rc1+ 40. Rc3 Rb1 41. Rb3 Rc1+ 42. Kb4 e5 43. fxe5 fxe5 44. b6 Rc8 45. b7 Rb8 46. Kc5 e4 47. Kc6 Kg4 48. Re3 Kf5 49. Kc7 Re8 50. b8=Q Rxb8 51. Kxb8 Kg4 52. Kc7 Kh3 53. Kd6 Kg2 54. Ke5 Kf2 55. Kxe4 1-0

[Event "Titled Tuesday intern op 21st Dec"]
[Site "Chess.com INT"]
[Date "2021.12.21"]
[Round "4"]
[White "Tologontegin, Semetey"]
[Black "Matveeva, Olga"]
[Result "1-0"]
[WhiteElo "2381"]
[BlackElo "2171"]
[PlyCount "61"]
[EventDate "2021.12.21"]
[EventType "swiss (blitz)"]
[EventRounds "11"]
[EventCountry "USA"]
[SourceTitle "CBM 205 Extra"]
[Source "ChessBase"]
[SourceDate "2022.01.31"]
[SourceVersion "1"]
[SourceVersionDate "2022.01.31"]
[SourceQuality "1"]

1. d4 d5 2. Nc3 Nf6 3. Bf4 e6 4. Nb5 Na6 5. e3 Be7 6. a3 O-O 7. c4 c5 8. Nf3 Bd7 9. Nc3 Bc6 10. Rc1 Rc8 11. h3 cxd4 12. exd4 dxc4 13. Ne5 Bd5 14. Be2 Nc7 15. O-O a6 16. Nxc4 Bxc4 17. Bxc4 Ncd5 18. Nxd5 exd5 19. Ba2 Rxc1 20. Qxc1 Ne4 21. Qc2 Bf6 22. Be3 Qd6 23. Rc1 Bh4 24. Qc7 Qf6 25. Rc2 Qf5 26. Qxb7 Rd8 27. Qxa6 h6 28. Qd3 Qh5 29. a4 Rb8 30. a5 Bf6 31. a6 1-0

[Event "Titled Tuesday intern op 21st Dec"]
[Site "Chess.com INT"]
[Date "2021.12.21"]
[Round "4"]
[White "Turski, Bartlomiej"]
[Black "Kovalev, Denis"]
[Result "1/2-1/2"]
[WhiteElo "2114"]
[BlackElo "2487"]
[PlyCount "107"]
[EventDate "2021.12.21"]
[EventType "swiss (blitz)"]
[EventRounds "11"]
[EventCountry "USA"]
[SourceTitle "CBM 205 Extra"]
[Source "ChessBase"]
[SourceDate "2022.01.31"]
[SourceVersion "1"]
[SourceVersionDate "2022.01.31"]
[SourceQuality "1"]

1. e4 c6 2. d4 d5 3. exd5 cxd5 4. Bd3 Nc6 5. c3 Nf6 6. h3 e5 7. dxe5 Nxe5 8. Nf3 Nxd3+ 9. Qxd3 Be7 10. O-O O-O 11. Nbd2 Re8 12. Nb3 a5 13. Nbd4 a4 14. Bf4 Qb6 15. Rab1 Bd7 16. Ne5 Bc5 17. Nxd7 Nxd7 18. Nf5 Nf6 19. Qg3 Nh5 20. Qg4 Qg6 21. Be3 Qxg4 22. hxg4 Bxe3 23. Nxe3 Nf4 24. Rfd1 a3 25. Nxd5 Nxd5 26. Rxd5 h6 27. bxa3 Rxa3 28. Rxb7 Rxa2 29. Rf5 f6 30. g3 Ra4 31. Rf4 Rxf4 32. gxf4 Re4 33. Rb4 Re1+ 34. Kg2 Rc1 35. Rc4 Kh7 36. f5 h5 37. gxh5 Kh6 38. Rc7 Kxh5 39. Kf3 Kg5 40. Ke4 Re1+ 41. Kd5 Kxf5 42. Rxg7 Rd1+ 43. Kc5 Rd2 44. Rg2 Kf4 45. c4 f5 46. Kc6 Kf3 47. Rh2 Rxf2 48. Rxf2+ Kxf2 49. Kb7 f4 50. c5 f3 51. c6 Ke3 52. c7 f2 53. c8=Q f1=Q 54. Qc6 1/2-1/2

[Event "Titled Tuesday intern op 21st Dec"]
[Site "Chess.com INT"]
[Date "2021.12.21"]
[Round "4"]
[White "Unver, Cumali"]
[Black "Baches Garcia, Guillermo"]
[Result "1/2-1/2"]
[WhiteElo "2046"]
[BlackElo "2329"]
[PlyCount "61"]
[EventDate "2021.12.21"]
[EventType "swiss (blitz)"]
[EventRounds "11"]
[EventCountry "USA"]
[SourceTitle "CBM 205 Extra"]
[Source "ChessBase"]
[SourceDate "2022.01.31"]
[SourceVersion "1"]
[SourceVersionDate "2022.01.31"]
[SourceQuality "1"]

1. e4 c5 2. Nf3 d6 3. Bb5+ Bd7 4. Bxd7+ Qxd7 5. O-O Nf6 6. Re1 Nc6 7. c3 e6 8. d4 cxd4 9. cxd4 d5 10. e5 Ne4 11. Nbd2 Nxd2 12. Bxd2 Bb4 13. Bxb4 Nxb4 14. a3 Nc6 15. Rc1 O-O 16. Qd3 h6 17. b4 Rac8 18. Rc2 Rc7 19. Rec1 Rfc8 20. Nd2 Ne7 21. g3 b6 22. Kg2 Nf5 23. Nf3 Ne7 24. Nd2 Nf5 25. Nf3 Qd8 26. h4 Qd7 27. h5 Ne7 28. Nd2 Nf5 29. Nf3 Ne7 30. Nd2 Nf5 31. Nf3 1/2-1/2

[Event "Titled Tuesday intern op 21st Dec"]
[Site "Chess.com INT"]
[Date "2021.12.21"]
[Round "4"]
[White "Urbina Perez, Juan Antonio"]
[Black "Weber, Samuel"]
[Result "1-0"]
[WhiteElo "2284"]
[BlackElo "2250"]
[PlyCount "85"]
[EventDate "2021.12.21"]
[EventType "swiss (blitz)"]
[EventRounds "11"]
[EventCountry "USA"]
[SourceTitle "CBM 205 Extra"]
[Source "ChessBase"]
[SourceDate "2022.01.31"]
[SourceVersion "1"]
[SourceVersionDate "2022.01.31"]
[SourceQuality "1"]

1. e4 e5 2. Nf3 Nc6 3. Bb5 a6 4. Ba4 Nf6 5. d3 d6 6. c3 g6 7. O-O Bg7 8. Re1 O-O 9. Nbd2 h6 10. Nf1 b5 11. Bb3 Bb7 12. Ng3 Na5 13. Bc2 c5 14. a4 Nc6 15. h3 Kh7 16. Be3 b4 17. d4 bxc3 18. bxc3 cxd4 19. cxd4 Qe7 20. Rb1 Rab8 21. d5 Na5 22. Bd3 Rfc8 23. Qe2 Nxd5 24. exd5 Bxd5 25. Bxa6 Rf8 26. Bb6 Nc6 27. a5 f5 28. Bc4 Bxf3 29. Qxf3 e4 30. Qd1 Ne5 31. Bd5 h5 32. Nxe4 fxe4 33. Bxe4 Qh4 34. Qe2 Rf7 35. Bd5 Rf6 36. Rbd1 Qg5 37. Be3 Qf5 38. a6 Bh6 39. a7 Rbf8 40. a8=Q Rxa8 41. Bxa8 Bxe3 42. Qxe3 g5 43. Be4 1-0

[Event "Titled Tuesday intern op 21st Dec"]
[Site "Chess.com INT"]
[Date "2021.12.21"]
[Round "4"]
[White "Vlassov, Nikolai"]
[Black "Postny, Evgeny"]
[Result "1-0"]
[WhiteElo "2294"]
[BlackElo "2557"]
[PlyCount "119"]
[EventDate "2021.12.21"]
[EventType "swiss (blitz)"]
[EventRounds "11"]
[EventCountry "USA"]
[SourceTitle "CBM 205 Extra"]
[Source "ChessBase"]
[SourceDate "2022.01.31"]
[SourceVersion "1"]
[SourceVersionDate "2022.01.31"]
[SourceQuality "1"]

1. e4 e5 2. Bc4 Nc6 3. f4 exf4 4. d4 Nf6 5. Nc3 Bb4 6. Nge2 d5 7. exd5 Nxd5 8. O-O Bxc3 9. bxc3 Be6 10. Bb5 Ne3 11. Bxe3 fxe3 12. Bxc6+ bxc6 13. Qd3 O-O 14. Qxe3 Re8 15. Qd3 c5 16. Nf4 cxd4 17. cxd4 Qd6 18. Nxe6 Rxe6 19. Rf2 Rae8 20. Raf1 f6 21. c4 Re3 22. Qd2 R3e4 23. Rf4 Re2 24. Qa5 Rc2 25. Qxa7 Ree2 26. R4f2 Rxf2 27. Rxf2 Rc1+ 28. Rf1 Rxc4 29. Rd1 Qd5 30. Qb8+ Kf7 31. Qb3 c6 32. Qb7+ Kg6 33. Qb1+ Kh6 34. Qd3 g5 35. Qh3+ Kg7 36. Qe3 Kg6 37. Qd3+ Kg7 38. Qe3 Kf7 39. Qd3 f5 40. Qe3 h6 41. h4 Rc2 42. Qg3 f4 43. Qg4 Qe6 44. Qh5+ Qg6 45. Qg4 Qe6 46. Qh5+ Kg7 47. hxg5 hxg5 48. Qxg5+ Qg6 49. Qe7+ Kh6 50. Qh4+ Kg7 51. Qe7+ Kh6 52. Qh4+ Kg7 53. Qh3 Rxa2 54. Re1 Kf7 55. Qd7+ Kf8 56. Qd8+ Kg7 57. Re7+ Kh6 58. Qf8+ Kh5 59. Re5+ Kg4 60. Qe7 1-0

[Event "Titled Tuesday intern op 21st Dec"]
[Site "Chess.com INT"]
[Date "2021.12.21"]
[Round "4"]
[White "Vovk, Orest"]
[Black "Tasdogen, Dincer"]
[Result "0-1"]
[WhiteElo "2315"]
[BlackElo "2301"]
[PlyCount "54"]
[EventDate "2021.12.21"]
[EventType "swiss (blitz)"]
[EventRounds "11"]
[EventCountry "USA"]
[SourceTitle "CBM 205 Extra"]
[Source "ChessBase"]
[SourceDate "2022.01.31"]
[SourceVersion "1"]
[SourceVersionDate "2022.01.31"]
[SourceQuality "1"]

1. h4 g6 2. h5 g5 3. h6 Nxh6 4. d4 e6 5. Nf3 f6 6. e4 Nf7 7. e5 f5 8. Rh5 h6 9. Nc3 d6 10. Bd3 dxe5 11. Nxe5 Bg7 12. Ng6 Rg8 13. Qe2 Nc6 14. Nb5 a6 15. d5 axb5 16. dxc6 Qf6 17. cxb7 Bxb7 18. Bxb5+ c6 19. Bc4 Qxg6 20. Bxe6 Kf8 21. Be3 Bf6 22. Bc5+ Kg7 23. O-O-O Rge8 24. Rd7 Rxe6 25. Qxe6 Qxh5 26. Rxb7 Rd8 27. b3 Qd1# 0-1

[Event "Titled Tuesday intern op 21st Dec"]
[Site "Chess.com INT"]
[Date "2021.12.21"]
[Round "4"]
[White "Wagner, Dinara"]
[Black "Sychev, Klementy"]
[Result "0-1"]
[WhiteElo "2325"]
[BlackElo "2550"]
[PlyCount "56"]
[EventDate "2021.12.21"]
[EventType "swiss (blitz)"]
[EventRounds "11"]
[EventCountry "USA"]
[SourceTitle "CBM 205 Extra"]
[Source "ChessBase"]
[SourceDate "2022.01.31"]
[SourceVersion "1"]
[SourceVersionDate "2022.01.31"]
[SourceQuality "1"]

1. d4 Na6 2. Nf3 d6 3. c4 e5 4. d5 f5 5. Nc3 Nf6 6. g3 Nc5 7. b4 Nce4 8. Nxe4 Nxe4 9. Bg2 a5 10. b5 Be7 11. O-O O-O 12. Nd2 Nc5 13. Nb3 b6 14. Nxc5 bxc5 15. f4 Bf6 16. fxe5 Bxe5 17. Rb1 h5 18. Bf4 Qf6 19. Qd2 Bd7 20. e4 fxe4 21. Bxe4 Bh3 22. Rf3 Bd4+ 23. Kh1 Rae8 24. Re1 Bg4 25. Rff1 Bc3 26. Qg2 Bxe1 27. Rxe1 g5 28. Bd2 Rxe4 0-1

[Event "Titled Tuesday intern op 21st Dec"]
[Site "Chess.com INT"]
[Date "2021.12.21"]
[Round "4"]
[White "Yedidia, Daniel"]
[Black "Azadaliyev, Jahandar"]
[Result "0-1"]
[WhiteElo "1991"]
[BlackElo "2088"]
[PlyCount "86"]
[EventDate "2021.12.21"]
[EventType "swiss (blitz)"]
[EventRounds "11"]
[EventCountry "USA"]
[SourceTitle "CBM 205 Extra"]
[Source "ChessBase"]
[SourceDate "2022.01.31"]
[SourceVersion "1"]
[SourceVersionDate "2022.01.31"]
[SourceQuality "1"]

1. d4 Nf6 2. c4 e6 3. Nc3 Bb4 4. e3 O-O 5. Bd3 d5 6. Nf3 c5 7. O-O Nc6 8. a3 Bxc3 9. bxc3 dxc4 10. Bxc4 Qc7 11. Qe2 Rd8 12. Bb2 b6 13. Rfd1 Bb7 14. Rac1 Na5 15. Ba2 Rac8 16. c4 Ne4 17. Ne5 f6 18. Nf3 Qc6 19. d5 Qe8 20. Qc2 Nd6 21. Bb1 Qg6 22. Qxg6 hxg6 23. dxe6 Ndxc4 24. Bc3 Re8 25. Bxg6 Re7 26. Rd7 Rxd7 27. exd7 Rd8 28. Rd1 Bc6 29. Bf5 Kf8 30. Nh4 Nb7 31. Ng6+ Kf7 32. Nf4 Nbd6 33. Be6+ Ke7 34. Bh3 Bxd7 35. Nd5+ Kf7 36. g4 Bc6 37. Bg2 Nb5 38. Be1 Nc7 39. e4 Ne5 40. h3 Ne6 41. f4 Nc4 42. a4 Nxf4 43. Rc1 Ne2+ 0-1

[Event "Titled Tuesday intern op 21st Dec"]
[Site "Chess.com INT"]
[Date "2021.12.21"]
[Round "4"]
[White "Zubov, Alexander"]
[Black "Tsvetkov, Andrey1"]
[Result "1-0"]
[WhiteElo "2598"]
[BlackElo "2384"]
[PlyCount "75"]
[EventDate "2021.12.21"]
[EventType "swiss (blitz)"]
[EventRounds "11"]
[EventCountry "USA"]
[SourceTitle "CBM 205 Extra"]
[Source "ChessBase"]
[SourceDate "2022.01.31"]
[SourceVersion "1"]
[SourceVersionDate "2022.01.31"]
[SourceQuality "1"]

1. d4 d5 2. c4 e6 3. Nf3 Nf6 4. Nc3 c6 5. Bg5 h6 6. Bh4 Nbd7 7. e3 Be7 8. Rc1 O-O 9. Bd3 dxc4 10. Bxc4 b5 11. Bd3 Bb7 12. O-O a6 13. a4 b4 14. Bxf6 Nxf6 15. Ne4 Nxe4 16. Bxe4 Rc8 17. Ne5 Qd6 18. Qe2 Rfd8 19. Qh5 Rf8 20. Qf3 Bf6 21. Nd3 e5 22. dxe5 Bxe5 23. Rfd1 Qf6 24. b3 a5 25. Rc5 Qxf3 26. Bxf3 Bc3 27. Rxa5 Rfd8 28. Kf1 Rc7 29. Ra7 Rcd7 30. Ke2 g5 31. g4 Be5 32. Bxc6 Rxd3 33. Rxd3 Rxd3 34. Rxb7 Rxb3 35. Bd5 Rb2+ 36. Kf3 Bxh2 37. a5 Bd6 38. a6 1-0

[Event "Titled Tuesday intern op 21st Dec"]
[Site "Chess.com INT"]
[Date "2021.12.21"]
[Round "5"]
[White "Albertini, Luca"]
[Black "Shubin, Daniel"]
[Result "0-1"]
[WhiteElo "2133"]
[BlackElo "2080"]
[PlyCount "44"]
[EventDate "2021.12.21"]
[EventType "swiss (blitz)"]
[EventRounds "11"]
[EventCountry "USA"]
[SourceTitle "CBM 205 Extra"]
[Source "ChessBase"]
[SourceDate "2022.01.31"]
[SourceVersion "1"]
[SourceVersionDate "2022.01.31"]
[SourceQuality "1"]

1. e4 e6 2. d4 d5 3. Nd2 Nf6 4. e5 Nfd7 5. c3 c5 6. Bd3 Nc6 7. Ne2 cxd4 8. cxd4 f6 9. Nf4 Nxd4 10. Qh5+ Ke7 11. Ng6+ hxg6 12. Qxh8 Nxe5 13. O-O Nxd3 14. b3 Nxc1 15. Raxc1 Ne2+ 16. Kh1 Nxc1 17. Rxc1 Bd7 18. Nf3 Rc8 19. Re1 Kf7 20. Qh4 Bd6 21. Nd4 Qh8 22. Qg4 Qxh2# 0-1

[Event "Titled Tuesday intern op 21st Dec"]
[Site "Chess.com INT"]
[Date "2021.12.21"]
[Round "5"]
[White "Almagro Mazariegos, Sebastian"]
[Black "Martinez, Shawn"]
[Result "0-1"]
[WhiteElo "2298"]
[BlackElo "1881"]
[PlyCount "58"]
[EventDate "2021.12.21"]
[EventType "swiss (blitz)"]
[EventRounds "11"]
[EventCountry "USA"]
[SourceTitle "CBM 205 Extra"]
[Source "ChessBase"]
[SourceDate "2022.01.31"]
[SourceVersion "1"]
[SourceVersionDate "2022.01.31"]
[SourceQuality "1"]

1. e4 c5 2. Nf3 e6 3. d4 cxd4 4. Nxd4 a6 5. Nc3 Bb4 6. Bd2 d6 7. Bd3 Nf6 8. O-O O-O 9. Re1 Qc7 10. Ncb5 axb5 11. Bxb4 Bd7 12. e5 dxe5 13. Bxf8 exd4 14. Be7 Nd5 15. Bh4 Bc6 16. Bg3 Qe7 17. Be4 Qc5 18. Be5 Ra4 19. Qg4 Qf8 20. Qh3 f5 21. Bd3 Nd7 22. b3 Ra8 23. Bxd4 Re8 24. Qg3 N7f6 25. Bxf6 Qxf6 26. Qe5 Qxe5 27. Rxe5 Nf4 28. Rae1 Nxg2 29. Rxe6 Nxe1 0-1

[Event "Titled Tuesday intern op 21st Dec"]
[Site "Chess.com INT"]
[Date "2021.12.21"]
[Round "5"]
[White "Artemenko, Oleg"]
[Black "Pourkashiyan, Atousa"]
[Result "1-0"]
[WhiteElo "2246"]
[BlackElo "2322"]
[PlyCount "67"]
[EventDate "2021.12.21"]
[EventType "swiss (blitz)"]
[EventRounds "11"]
[EventCountry "USA"]
[SourceTitle "CBM 205 Extra"]
[Source "ChessBase"]
[SourceDate "2022.01.31"]
[SourceVersion "1"]
[SourceVersionDate "2022.01.31"]
[SourceQuality "1"]

1. d4 Nf6 2. Nc3 d5 3. Bf4 e6 4. Nb5 Na6 5. e3 Be7 6. Nf3 O-O 7. a4 c6 8. Na3 b6 9. Ne5 Nb8 10. g4 Bb7 11. Bg2 Nbd7 12. g5 Ne8 13. h4 f6 14. Nxd7 Qxd7 15. g6 hxg6 16. Qd3 f5 17. Bf3 Nf6 18. Rg1 Qe8 19. Qf1 Ne4 20. Bxe4 fxe4 21. Qh3 Rf5 22. c3 Ba6 23. Rg4 c5 24. Nc2 Bd3 25. Na3 cxd4 26. exd4 Qf7 27. Be3 Rf8 28. O-O-O Bxa3 29. bxa3 Rxf2 30. Bxf2 Qxf2 31. Rg2 Qf4+ 32. Kb2 Rc8 33. Qxe6+ Kh7 34. Qxg6+ 1-0

[Event "Titled Tuesday intern op 21st Dec"]
[Site "Chess.com INT"]
[Date "2021.12.21"]
[Round "5"]
[White "Balkum, Alexander"]
[Black "Krzywda, Andrzej"]
[Result "0-1"]
[WhiteElo "2107"]
[BlackElo "2110"]
[PlyCount "54"]
[EventDate "2021.12.21"]
[EventType "swiss (blitz)"]
[EventRounds "11"]
[EventCountry "USA"]
[SourceTitle "CBM 205 Extra"]
[Source "ChessBase"]
[SourceDate "2022.01.31"]
[SourceVersion "1"]
[SourceVersionDate "2022.01.31"]
[SourceQuality "1"]

1. e4 c5 2. Nf3 Nc6 3. d4 cxd4 4. Nxd4 g6 5. c4 Bg7 6. Nc2 Nf6 7. Nc3 d6 8. Be2 Nd7 9. Bd2 Nc5 10. b4 Ne6 11. O-O O-O 12. Rb1 a5 13. a3 axb4 14. axb4 Ncd4 15. Nxd4 Nxd4 16. Bd3 Ra3 17. Kh1 Bd7 18. Re1 Qa8 19. Bf1 e6 20. Be3 e5 21. Nd5 Be6 22. Ra1 Bxd5 23. cxd5 f5 24. f3 fxe4 25. fxe4 Rxa1 26. Qxa1 Qxa1 27. Rxa1 Nc2 0-1

[Event "Titled Tuesday intern op 21st Dec"]
[Site "Chess.com INT"]
[Date "2021.12.21"]
[Round "5"]
[White "Belyakov, Bogdan"]
[Black "Hamley, Ryan"]
[Result "0-1"]
[WhiteElo "2444"]
[BlackElo "2077"]
[PlyCount "58"]
[EventDate "2021.12.21"]
[EventType "swiss (blitz)"]
[EventRounds "11"]
[EventCountry "USA"]
[SourceTitle "CBM 205 Extra"]
[Source "ChessBase"]
[SourceDate "2022.01.31"]
[SourceVersion "1"]
[SourceVersionDate "2022.01.31"]
[SourceQuality "1"]

1. e4 c6 2. d4 d5 3. e5 Bf5 4. Nd2 e6 5. Nb3 c5 6. dxc5 Bxc5 7. Nxc5 Qa5+ 8. c3 Qxc5 9. Be3 Qc7 10. f4 Ne7 11. Nf3 Nbc6 12. Be2 O-O 13. O-O f6 14. exf6 Rxf6 15. g3 Raf8 16. Qd2 Bg4 17. Nd4 Bh3 18. Rfe1 Nxd4 19. Bxd4 R6f7 20. Bh5 g6 21. Bd1 Nf5 22. Bb3 a6 23. Re5 g5 24. Rae1 gxf4 25. Qxf4 Nxd4 26. Rg5+ Kh8 27. Qxd4+ e5 28. Rg8+ Kxg8 29. Qxd5 Kh8 0-1

[Event "Titled Tuesday intern op 21st Dec"]
[Site "Chess.com INT"]
[Date "2021.12.21"]
[Round "5"]
[White "Bentivegna, Francesco"]
[Black "Stefanov, Plamen"]
[Result "0-1"]
[WhiteElo "2281"]
[BlackElo "2077"]
[PlyCount "82"]
[EventDate "2021.12.21"]
[EventType "swiss (blitz)"]
[EventRounds "11"]
[EventCountry "USA"]
[SourceTitle "CBM 205 Extra"]
[Source "ChessBase"]
[SourceDate "2022.01.31"]
[SourceVersion "1"]
[SourceVersionDate "2022.01.31"]
[SourceQuality "1"]

1. e4 d5 2. exd5 Nf6 3. Nf3 Nxd5 4. d4 Bg4 5. Be2 e6 6. h3 Bh5 7. O-O Be7 8. Re1 O-O 9. c4 Nb6 10. Nc3 Nc6 11. Be3 Bxf3 12. Bxf3 Nxc4 13. d5 Nxe3 14. Rxe3 exd5 15. Qxd5 Qxd5 16. Bxd5 Bd6 17. Ne4 Nb4 18. Bb3 Rad8 19. Rd1 Bf4 20. Rxd8 Rxd8 21. Rf3 Be5 22. g3 Nd5 23. Rd3 c6 24. Nc3 Bxc3 25. bxc3 Rd7 26. Kg2 Nb6 27. Rxd7 Nxd7 28. Kf3 Kf8 29. Ke4 Ke7 30. Kd4 f6 31. c4 b6 32. Kd3 Kd6 33. f4 Kc5 34. Kc3 a5 35. Bd1 Nf8 36. Bc2 g6 37. g4 b5 38. cxb5 cxb5 39. h4 Ne6 40. f5 b4+ 41. Kb2 Nf4 0-1

[Event "Titled Tuesday intern op 21st Dec"]
[Site "Chess.com INT"]
[Date "2021.12.21"]
[Round "5"]
[White "Bethke, Richard"]
[Black "Unver, Cumali"]
[Result "1-0"]
[WhiteElo "2327"]
[BlackElo "2046"]
[PlyCount "81"]
[EventDate "2021.12.21"]
[EventType "swiss (blitz)"]
[EventRounds "11"]
[EventCountry "USA"]
[SourceTitle "CBM 205 Extra"]
[Source "ChessBase"]
[SourceDate "2022.01.31"]
[SourceVersion "1"]
[SourceVersionDate "2022.01.31"]
[SourceQuality "1"]

1. e4 d6 2. Nf3 Nf6 3. d4 Nxe4 4. Bc4 d5 5. Bb3 c6 6. c4 e6 7. O-O Be7 8. Ne5 O-O 9. f3 Nf6 10. Nc3 Nbd7 11. Qe1 Nxe5 12. dxe5 Nd7 13. Bf4 Nc5 14. Bc2 Qb6 15. Kh1 Qxb2 16. Rf2 Qb6 17. Be3 Qc7 18. cxd5 cxd5 19. f4 g6 20. Nb5 Qd8 21. Nd4 Bd7 22. g4 Ne4 23. Bxe4 dxe4 24. f5 exf5 25. gxf5 Bg5 26. f6 Bxe3 27. Qxe3 Kh8 28. Qh6 Rg8 29. Rf4 Qf8 30. Qg5 h6 31. Rh4 Kh7 32. Rg1 Rd8 33. Rg3 Rh8 34. e6 Kg8 35. Qe5 Bxe6 36. Nxe6 Qe8 37. Qf4 Qxe6 38. Rhg4 Kh7 39. Kg2 Rd6 40. Qxh6+ Kg8 41. Qg7# 1-0

[Event "Titled Tuesday intern op 21st Dec"]
[Site "Chess.com INT"]
[Date "2021.12.21"]
[Round "5"]
[White "Bifulco, Michel"]
[Black "Dogan, Mire Deniz"]
[Result "0-1"]
[WhiteElo "2338"]
[BlackElo "1987"]
[PlyCount "164"]
[EventDate "2021.12.21"]
[EventType "swiss (blitz)"]
[EventRounds "11"]
[EventCountry "USA"]
[SourceTitle "CBM 205 Extra"]
[Source "ChessBase"]
[SourceDate "2022.01.31"]
[SourceVersion "1"]
[SourceVersionDate "2022.01.31"]
[SourceQuality "1"]

1. d4 e6 2. c4 d5 3. Nc3 Nf6 4. cxd5 exd5 5. Bg5 Be7 6. e3 O-O 7. Bd3 b6 8. Nf3 Bb7 9. O-O c5 10. Ne5 Nc6 11. Rc1 Nxe5 12. dxe5 Ne4 13. Bf4 Qd7 14. Bb5 Qe6 15. Qc2 Rfd8 16. Rfd1 Nxc3 17. Qxc3 a6 18. Be2 b5 19. Bf3 Bc6 20. b4 d4 21. exd4 Bxf3 22. Qxf3 cxd4 23. Rxd4 Rac8 24. Rxd8+ Rxd8 25. Qa3 h6 26. h3 Rd4 27. Qf3 Rc4 28. a3 Rxc1+ 29. Bxc1 Qa2 30. Qa8+ Kh7 31. Qe4+ g6 32. Qb7 Bg5 33. Bxg5 hxg5 34. Qxa6 Qa1+ 35. Kh2 Qxe5+ 36. g3 Qf5 37. Qb6 Kg7 38. Qd4+ Kh7 39. Kg2 Qe6 40. Qe3 Qd5+ 41. Qf3 Qc4 42. Kh2 Kg7 43. Kg2 Qd4 44. Qe3 Qc4 45. Qe5+ Kh7 46. Qc5 Qe4+ 47. Kg1 Qe1+ 48. Kg2 Qe2 49. Kh2 Kg7 50. Kg2 Kh7 51. Qe3 Qc4 52. h4 gxh4 53. gxh4 Qxh4 54. Qh3 Qxh3+ 55. Kxh3 Kg7 56. Kg4 Kf6 57. Kf4 Ke6 58. Ke4 Kd6 59. Kd4 f5 60. f4 Ke6 61. Kc5 g5 62. fxg5 f4 63. Kd4 Kf5 64. g6 Kxg6 65. Ke4 Kg5 66. Kf3 Kf5 67. Kf2 Ke4 68. Ke2 Kd4 69. Kf3 Kc3 70. Kxf4 Kb3 71. Ke3 Kxa3 72. Kd2 Kxb4 73. Kc2 Kc4 74. Kb2 Kb4 75. Ka2 Kc3 76. Kb1 Kb3 77. Kc1 b4 78. Kb1 Ka3 79. Ka1 b3 80. Kb1 b2 81. Kc2 Ka2 82. Kc3 b1=Q 0-1

[Event "Titled Tuesday intern op 21st Dec"]
[Site "Chess.com INT"]
[Date "2021.12.21"]
[Round "5"]
[White "Bryakin, Mikhail"]
[Black "Al Tarbosh, Ward"]
[Result "1-0"]
[WhiteElo "2502"]
[BlackElo "2222"]
[PlyCount "85"]
[EventDate "2021.12.21"]
[EventType "swiss (blitz)"]
[EventRounds "11"]
[EventCountry "USA"]
[SourceTitle "CBM 205 Extra"]
[Source "ChessBase"]
[SourceDate "2022.01.31"]
[SourceVersion "1"]
[SourceVersionDate "2022.01.31"]
[SourceQuality "1"]

1. e4 e6 2. Qe2 Be7 3. d3 d5 4. Nc3 Nf6 5. g3 c5 6. Bg2 Nc6 7. f4 O-O 8. Nf3 Nd4 9. Nxd4 cxd4 10. Nd1 dxe4 11. dxe4 b6 12. O-O Bb7 13. Nf2 Rc8 14. Nd3 Qc7 15. Rf2 Rfd8 16. b3 Ba6 17. Bb2 Nd7 18. Raf1 Nc5 19. Qd1 Nxd3 20. cxd3 e5 21. fxe5 Qxe5 22. Rxf7 Bg5 23. R7f5 Be3+ 24. Kh1 Qe6 25. h4 Qg6 26. Kh2 h6 27. h5 Qd6 28. Qg4 Rc7 29. Rd5 Qe7 30. Ba3 Qe8 31. Rxd8 Qxd8 32. Rf8+ Qxf8 33. Bxf8 Kxf8 34. e5 Rc2 35. Qf3+ Kg8 36. Qd5+ Kh7 37. e6 Bg5 38. Qf5+ Kh8 39. Qf8+ Kh7 40. Qf5+ Kh8 41. Kh3 Bc8 42. Bd5 Be3 43. Qf8+ 1-0

[Event "Titled Tuesday intern op 21st Dec"]
[Site "Chess.com INT"]
[Date "2021.12.21"]
[Round "5"]
[White "Buksa, Nataliya"]
[Black "Korchmar, Vasiliy"]
[Result "1-0"]
[WhiteElo "2401"]
[BlackElo "2450"]
[PlyCount "81"]
[EventDate "2021.12.21"]
[EventType "swiss (blitz)"]
[EventRounds "11"]
[EventCountry "USA"]
[SourceTitle "CBM 205 Extra"]
[Source "ChessBase"]
[SourceDate "2022.01.31"]
[SourceVersion "1"]
[SourceVersionDate "2022.01.31"]
[SourceQuality "1"]

1. e4 c5 2. Nf3 d6 3. Bb5+ Nd7 4. a4 Ngf6 5. Nc3 a6 6. Be2 b6 7. d4 cxd4 8. Qxd4 Bb7 9. O-O g6 10. Be3 Bg7 11. Qd2 Nxe4 12. Nxe4 Bxe4 13. Bd4 e5 14. Bc3 d5 15. Ng5 Bh6 16. f4 Bxg5 17. fxg5 O-O 18. Bg4 Re8 19. Qf2 Qe7 20. h4 Rf8 21. Bxd7 d4 22. Bxd4 exd4 23. Qxd4 Rad8 24. Rae1 Rfe8 25. Rf4 Rxd7 26. Rfxe4 Rxd4 27. Rxe7 Rxe7 28. Rxe7 Rxa4 29. Rb7 Rb4 30. b3 a5 31. g3 Kg7 32. Kf2 Rb5 33. Ke3 Rc5 34. Kd3 Rd5+ 35. Ke3 Rc5 36. c4 a4 37. Rxb6 axb3 38. Kd4 Rf5 39. Rxb3 Rf1 40. c5 Rd1+ 41. Ke5 1-0

[Event "Titled Tuesday intern op 21st Dec"]
[Site "Chess.com INT"]
[Date "2021.12.21"]
[Round "5"]
[White "Butti, Enrique"]
[Black "Le Goff, Ronan"]
[Result "0-1"]
[WhiteElo "2065"]
[BlackElo "2280"]
[PlyCount "54"]
[EventDate "2021.12.21"]
[EventType "swiss (blitz)"]
[EventRounds "11"]
[EventCountry "USA"]
[SourceTitle "CBM 205 Extra"]
[Source "ChessBase"]
[SourceDate "2022.01.31"]
[SourceVersion "1"]
[SourceVersionDate "2022.01.31"]
[SourceQuality "1"]

1. d4 Nf6 2. Nf3 e6 3. e3 b6 4. Bd3 Bb7 5. O-O d5 6. b3 Bd6 7. Bb2 Nbd7 8. c4 O-O 9. Nc3 a6 10. Rc1 c5 11. cxd5 exd5 12. Na4 Rc8 13. Ne5 b5 14. Nxc5 Bxc5 15. dxc5 Nxc5 16. Bb1 Nfe4 17. Nd3 Ne6 18. f3 Nf6 19. Qd2 Re8 20. Kh1 Nh5 21. g4 Nf6 22. Rcd1 d4 23. Ne5 Qd5 24. exd4 Rcd8 25. Qe3 h6 26. Kg1 Ng5 27. Qf2 Nh3+ 0-1